Stacje Kolei Śląskich: S4 - Statystyki

Ogólne statystyki
  • Ten quiz został rozwiązany 38 razy
  • Średni wynik to 8 z 10
Statystyki odpowiedzi
Nazwa % Poprawnych
1 Katowice
100%
3 Katowice Ligota
97%
6 Tychy
97%
10 Tychy Lodowisko
94%
2 Katowice Brynów
91%
5 Katowice Podlesie
91%
4 Katowice Piotrowice
88%
9 Tychy Grota Roweckiego
64%
7 Tychy Zachodnie
48%
8 Tychy Al. Bielska
36%
Nie znaleziono quizów pasujących do podanych kryteriów
Rozkład punktacji
Procent ludzi z każdym wynikiem
Percentyl według liczby udzielonych odpowiedzi
Twoja historia wyników
Nie rozwiązałeś tego quizu